Statistics for Characters Played by Different Actors #4

Click here to take the quiz!

General Stats

  • This quiz has been taken 247 times
    (239 since last reset)
  • The average score is 9 of 20

Answer Stats

Actors Character % Correct
Lou Ferrigno; Eric BanaThe Hulk
85%
Gene Wilder; Johnny DeppWilly Wonka
81%
Eartha Kitt; Halle BerryCatwoman
80%
Margot Kidder; Amy AdamsLois Lane
73%
Erol Flynn; Carey ElwesRobin Hood
72%
Linda Hamilton; Lena HeadeySarah Connor
68%
Tommy Lee Jones; Aaron EckhartTwo Face
64%
Sissy Spacek; Chloe Grace MoretzCarrie
62%
Anthony Perkins; Vince VaughnNorman Bates
59%
George Takei; John ChoHikaru Sulu
57%
Gene Hackman; Kevin SpaceyLex Luthor
56%
Elizabeth Taylor; Lynn RedgraveCleopatra
42%
Eric Bana; Jonathan Rhys MeyersKing Henry VIII
21%
Milla Jovovich; Leelee SobieskiJoan of Arc
13%
Tommy Lee Jones; Leonardo DiCaprioHoward Hughes
10%
Charlie Sheen; Jeremy IronsAramis
10%
Uma Thurman; Anne HathawayFantine
9%
Ming-Na Wen; Kristin KreukChun-Li
7%
Robert Duvall; Michael CaineJoseph Stalin
5%
Mel Gibson; Colin FarrellJohn Smith
4%

Score Distribution

Percentile by Number Answered

Percent of People with Each Score

Your Score History

You have not taken this quiz since the last reset